| 000 | 00751nam0a2200229 4500 | ||
|---|---|---|---|
| 001 | RU\NLR\bibl\1783266 | ||
| 005 | 20250616135653.0 | ||
| 021 |
_aRU _b2011-41962 _92982 |
||
| 035 | _a(NLR Aleph) 001774006 | ||
| 090 |
_a1655698 _c1655698 |
||
| 100 | _a20110627d2011 |||y0rusy50 ca | ||
| 101 | 0 | _arus | |
| 102 | _aRU | ||
| 105 | _ay ||||||||| | ||
| 200 | 1 | _aФизическая химия. Термодинамика и растворы. Лаб. практикум | |
| 210 |
_aЧебоксары _cЧуваш. ун-т _d2011 |
||
| 215 | _d20 | ||
| 801 | 0 |
_aRU _bNLR _c20110627 _gRCR |
|
| 801 | 1 |
_aRU _bNLR _c20110627 |
|
| 942 | _cBOOK | ||
| 980 | _aNB | ||